Borussia Dortmund Players Quiz - Statistics

General Stats
  • This quiz has been taken 538 times
    66 since last reset
  • The average score is 16 of 24
Answer Stats
# Nation Player % Correct
20 Austria Marcel Sabitzer
91%
4 Germany Nico Schlotterbeck
91%
1 Switzerland Gregor Kobel
89%
10 Germany Julian Brandt
89%
25 Germany Niklas Süle
86%
9 Guinea Serhou Guirassy
86%
5 Algeria Ramy Bensebaini
83%
2 Brazil Yan Couto
83%
27 Germany Karim Adeyemi
80%
6 Turkey Salih Özcan
80%
8 Germany Felix Nmecha
74%
7 United Kingdom (England) Jobe Bellingham
74%
26 Norway Julian Ryerson
74%
14 Germany Maximilian Beier
74%
3 Germany Waldemar Anton
74%
23 Germany Emre Can
71%
24 Sweden Daniel Svensson
69%
21 Portugal Fábio Silva
63%
17 United Kingdom (England) Carney Chukwuemeka
51%
39 Italy Filippo Mané
49%
42 Germany Almugera Kabar
40%
33 Germany Alexander Meyer
34%
30 Germany Patrick Drewes
26%
31 Germany Silas Ostrzinski
14%
No matching quizzes found
Score Distribution
Percent of People with Each Score
Percentile by Number Answered
Your Score History
You have not taken this quiz since the last reset